000 00251nam a22001097a 4500
082 _a651.2
100 _acordell S. J.
245 _achoosing and using office equipment
260 _alondon
_bcassel
_c1977
300 _ax,148p.
_bill,;22cm.
942 _cBK
999 _c18071
_d18071